000 00426nam a2200193Ia 4500
005 20240823062825.0
008 240823s9999||||xx |||||||||||||| ||und||
041 _aENGLISH
082 _A512 M7
100 _aNikolsky S M
245 0 _aAlgebra
250 _a1st
260 _c1987
_b"Mir,Moscow"
500 _aTRANSFERED
650 _aAlgebra
_bMathematics
700 _a Potapov M K
942 _cBK
999 _c236794
_d236794